Clint Eastwood Filmography - Statistics

General Stats
  • This quiz has been taken 774 times
    221 since last reset
  • The average score is 29 of 118
Answer Stats
Type Year Name % Correct
Film 2004 Million Dollar Baby
89%
Film 1966 The Good, the Bad and the Ugly
89%
Film 2008 Gran Torino
87%
Film 1992 Unforgiven
84%
Film 1971 Dirty Harry
83%
Film 1964 A Fistful of Dollars
72%
Film 1965 For a Few Dollars More
72%
Film 2018 The Mule
64%
Film 1995 The Bridges of Madison County
55%
Film 2014 American Sniper
52%
Film 1979 Escape from Alcatraz
52%
Film 1971 Play Misty for Me
51%
Film 1976 The Outlaw Josey Wales
51%
Film 1973 Magnum Force
49%
Film 1993 In the Line of Fire
47%
Film 2000 Space Cowboys
47%
Film 1968 Hang 'Em High
46%
Film 1988 The Dead Pool
46%
Film 1983 Sudden Impact
45%
Director 2006 Letters from Iwo Jima
44%
Film 1978 Every Which Way but Loose
43%
Film 1973 High Plains Drifter
43%
Director 2003 Mystic River
43%
Director 2006 Flags of Our Fathers
42%
Film 1985 Pale Rider
42%
Film 2021 Cry Macho
41%
TV Show 1959-1965 Rawhide
41%
Film 1976 The Enforcer
41%
Film 1970 Two Mules for Sister Sara
41%
Film 1980 Any Which Way You Can
40%
Film 1997 Absolute Power
37%
Film 1968 Where Eagles Dare
37%
Film 1986 Heartbreak Ridge
36%
Film 2002 Blood Work
35%
Film 2012 Trouble with the Curve
34%
Director 2024 Juror #2
33%
Film 1970 Kelly's Heroes
33%
Director 2009 Invictus
32%
Director 2008 Changeling
31%
Film 1982 Firefox
31%
Film 1990 The Rookie
31%
Film 1993 A Perfect World
30%
Film 1969 Paint Your Wagon
30%
Film 1975 The Eiger Sanction
30%
Film 1989 Pink Cadillac
29%
Film 1971 The Beguiled
29%
Film 1968 Coogan's Bluff
28%
Film 1972 Joe Kidd
28%
Director 2019 Richard Jewell
28%
Director 2016 Sully
28%
Film 1974 Thunderbolt and Lightfoot
28%
Film 1999 True Crime
28%
Film 1980 Bronco Billy
25%
Film 1977 The Gauntlet
25%
Film 1984 Tightrope
25%
Film 1982 Honkytonk Man
24%
Director 2011 J. Edgar
24%
Award Show 1973 The 45th Annual Academy Awards
23%
Director 1988 Bird
22%
Film 1984 City Heat
22%
Film 1990 White Hunter Black Heart
22%
Director 2010 Hereafter
20%
Director 2014 Jersey Boys
20%
Director 2018 The 15:17 to Paris
20%
Director 1997 Midnight in the Garden of Good and Evil
16%
Film 1995 Casper
15%
Film 1955 Tarantula
15%
Film 1973 Breezy
14%
Film 1967 The Witches
14%
Film 1955 Revenge of the Creature
12%
Film 1955 Francis in the Navy
11%
Film 1958 Lafayette Escadrille
10%
Film 1957 Escapade in Japan
9%
Film 1956 Away All Boats
7%
Film 1955 Lady Godiva of Coventry
7%
TV Show 1959 Maverick
7%
Film 1956 The First Traveling Saleslady
7%
TV Show 1957 The West Point Story
7%
Film 1956 Star in the Dust
6%
Director 1985 Amazing Stories
5%
Film 1958 Ambush at Cimarron Pass
5%
Documentary Mini-Series 2021 Clint Eastwood: A Cinematic Legacy
5%
TV Show 1956 Death Valley Days
5%
Documentary 2011 Kurosawa's Way
5%
TV Show 1962 Mister Ed
5%
Director 2003 The Blues
5%
TV Show 1959 Alfred Hitchcock Presents
4%
Documentary 1989 Gary Cooper: American Life, American Legend
4%
Music for Film 2007 Grace Is Gone
4%
TV Show 1955 Highway Patrol
4%
TV Show 1958 Navy Log
4%
TV Show 1956 TV Reader's Digest
4%
TV Film 1955 Allen in Movieland
3%
TV Documentary 1991 Here's Looking at You, Warner Bros.
3%
TV Special 1996 AFI Life Achievement Award: A Tribute to Clint Eastwood
2%
TV Special 1986 All-Star Party for Clint Eastwood
2%
Documentary Series 2000, 2007, 2008 American Masters
2%
Short Documentary 2015 Bringing the War Home: The Cost of Heroism
2%
Commercial 2006 California Travel & Tourism Comission
2%
Commercial 2012 Chrysler
2%
Documentary 2002 Clint Eastwood: Star Power
2%
Documentary 1994 Don't Pave Main Street: Carmel's Heritage
2%
TV Special 1997 Eastwood After Hours: Live at Carnegie Hall
2%
TV Documentary 1997 Eastwood on Eastwood
2%
TV Special 2023 Eastwood Symphonic - Une Affaire de Famille
2%
TV Documentary 2009 Johnny Mercer: The Dream's On Me
2%
TV Show 2012 Mrs. Eastwood & Company
2%
Film 1956 Never See Goodbye
2%
TV Show 1965 The Danny Kaye Show
2%
Documentary 2010 The Eastwood Factor
2%
Short TV Documentary 1982 Clint Eastwood: Director
1%
TV Documentary 2007 Clint Eastwood, le franc-tireur
1%
TV Documentary 1992 Clint Eastwood on Westerns
1%
Short Documentary 2011 Clint Eastwood's West
1%
TV Documentary 2018 Die Clint Eastwood Story
1%
Short TV Documentary 1992 Eastwood... A Star
1%
Documentary 2013 Eastwood Directs: The Untold Story
1%
Short Documentary 2008 The Evolution of Clint Eastwood
1%
No matching quizzes found
Score Distribution
Percent of People with Each Score
Percentile by Number Answered
Your Score History
You have not taken this quiz since the last reset